000 00680nam a2200229Ia 4500
005 20250108125155.0
008 008 250107s9999 xx 000 0 eng d
037 _aREF
040 _aCRL
_beng
_cCRL
041 _ahur
_2eng
084 _aa14,12N67 Q2.1-.2,1,2,3(RR)
084 _qCRL
100 _aKhwaja Dil Mohammad Au.; Joshi Pradeep Kumar Tr.
_9730528
245 0 _aDil ki Geeta
_cKhwaja Dil Mohammad Au.; Joshi Pradeep Kumar Tr.
260 _c3541
300 _a428p.
365 _aINR
_b25000
546 _aTranslated from Hindi to Urdu
650 _aPhilosophy
942 _cREF
_ha14,12N67 Q2.1-.2,1,2,3(RR)
999 _c1235929
_d1235929